| 000 | 03399nam a2200553 i 4500 | ||
|---|---|---|---|
| 001 | DIGUVALLE191 | ||
| 003 | NyNyDIG | ||
| 008 | 210104s2019 ck a ob 000 0 spa d | ||
| 006 | m o d | ||
| 007 | cr ||||||||||| | ||
| 035 | _a(OCoLC)1179160512 | ||
| 040 |
_aDGITA _beng _erda _epn _cDGITA |
||
| 020 |
_a9789587659597 _qeBook _qpdf |
||
| 020 |
_a9587659597 _qeBook _qpdf |
||
| 020 | _z9789587659580 | ||
| 020 | _z9587659589 | ||
| 043 | _as-ck--- | ||
| 050 | 1 | 4 | _aLB1585.5.C7 ebook |
| 245 | 0 | 0 |
_aDiversidad cultural en la enseñanza de las ciencias en Colombia / _cEdwin Germán García, Ruby Guerrero Sevillano, Mary Cruz Castro, Yovana Alexandra Grajales, Martha Lucía Castillo, Jesús G. Carabalí [editores] |
| 250 | _aPrimera edición. | ||
| 264 | 1 |
_aCali, Colombia : _bUniversidad del Valle, Programa Editorial, _c[2019] |
|
| 300 |
_a1 online resource : _billustrations. |
||
| 336 |
_atext _btxt _2rdacontent |
||
| 337 |
_acomputer _bc _2rdamedia |
||
| 338 |
_aonline resource _bcr _2rdacarrier |
||
| 347 |
_atext file _2rdaft |
||
| 347 | _bPDF | ||
| 490 | 1 | _aColección Educación y pedagogía | |
| 504 | _aIncludes bibliographical references. | ||
| 505 | 0 | _aPsicología cultural y enseñanza de las ciencias / Martha Lucía Castillo, Edwin Germán García -- Etnoeducación popular : contrarrestando prejuicios raciales en la escuela / Jesús Carabalí -- Los saberes tradicionales en el aula de ciencia / Ruby Stella Guerrero -- Resignificación de saberes ancestrales en la escuela / Mary Cruz Castro Quintero -- Reflexiones sobre la enseñanza de las ciencias naturales y la percepción de páramo : relación entre la diversidad cultural y la enseñanza de las ciencias naturales / Yovana Alexandra Grajales Fonseca -- Un análisis crítico del discurso de docentes en ciencias naturales de una institución etnoeducativa / Juan David González -- Los usos del vinagre en el diálogo de saberes en la escuela Nasa / Claudio Patricia Millán, Francy Elena Tálaga -- La marimba de chonta : una mirada desde lo científico, ancestral y cultural / Mayerlin Realpe, María Paula López, Andrés Felipe López -- Saberes y tradiciones del pueblo Misak en relación con el conocimiento científico escolar / Floro Alberto Tunubalá | |
| 588 | 0 | _aOnline resource; title from PDF title page (Digitalia, viewed January 5, 2021) | |
| 650 | 0 |
_aScience _xStudy and teaching _zColombia. |
|
| 650 | 0 |
_aMulticultural education _zColombia. |
|
| 650 | 0 |
_aEthnoscience _xStudy and teaching _zColombia. |
|
| 655 | 0 | _aElectronic books. | |
| 700 | 1 |
_aGarcía, Edwin Germán, _eeditor. |
|
| 700 | 1 |
_aGuerrero Sevillano, Ruby, _eeditor. |
|
| 700 | 1 |
_aCastro, Mary Cruz, _eeditor. |
|
| 700 | 1 |
_aGrajales, Yovana Alexandra, _eeditor. |
|
| 700 | 1 |
_aCastillo, Martha Lucía, _eeditor. |
|
| 700 | 1 |
_aCarabalí, Jesús G., _eeditor. |
|
| 791 | 2 |
_aDigitalia (Firm), _edistributor. |
|
| 793 | 0 |
_gDigitalia eBook Collection: _aUniversidad del Valle |
|
| 776 | 0 | 8 |
_iPrint version: _tDiversidad cultural en la enseñanza de las ciencias en Colombia. _bPrimera edición. _dCali, Colombia : Universidad del Valle, Programa Editorial, mayo de 2019 _z9789587659580 _w(OCoLC)1130289261 |
| 830 | 0 | _aColección Educación y pedagogía (Cali, Colombia) | |
| 856 | 4 | 0 |
_3Digitalia Hispánica _uhttps://www.digitaliapublishing.com/a/68177/ |
| 910 | _aPremium collection: 2021 | ||
| 942 | _cRAA | ||
| 999 |
_c262227 _d262227 |
||